Major Scales #1 - Statistics

General Stats
  • This quiz has been taken 13 times
    11 since last reset
  • The average score is 126 of 240
Answer Stats
Question Tile Select % Correct
Ab B No
100%
Ab C# No
100%
Ab Cb No
100%
Ab D No
100%
Ab D# No
100%
Ab Fb No
100%
Ab A No
88%
Ab E No
88%
Ab Gb No
88%
Ab Bb Yes
75%
D A Yes
63%
Eb A No
63%
Eb A# No
63%
C A# No
63%
Cb A No
63%
F A Yes
63%
C# A No
63%
Ab Ab Yes
63%
Bb Ab No
63%
D Ab No
63%
F Ab No
63%
C# Ab No
63%
Bb B No
63%
Eb B No
63%
C B# No
63%
Cb B No
63%
F B No
63%
C# B No
63%
Bb Bb Yes
63%
D Bb No
63%
Eb Bb Yes
63%
C Bb No
63%
C# Bb No
63%
Ab C Yes
63%
Bb C# No
63%
C C Yes
63%
Cb C# No
63%
Cb C No
63%
F C# No
63%
F C Yes
63%
C# C# Yes
63%
C# C No
63%
Bb Cb No
63%
D Cb No
63%
Eb Cb No
63%
C Cb No
63%
Cb Cb Yes
63%
F Cb No
63%
Bb D Yes
63%
D D Yes
63%
D D# No
63%
Cb D No
63%
F D# No
63%
C# D No
63%
Bb Db No
63%
Eb Db No
63%
C Db No
63%
F Db No
63%
Bb E No
63%
D E# No
63%
Eb E No
63%
C E Yes
63%
Cb E No
63%
Ab Eb Yes
63%
D Eb No
63%
Eb Eb Yes
63%
C Eb No
63%
Cb Eb Yes
63%
F Eb No
63%
Bb F# No
63%
Bb F Yes
63%
D F# Yes
63%
C F# No
63%
Cb F No
63%
Cb F# No
63%
F F Yes
63%
C# F No
63%
Bb Fb No
63%
D Fb No
63%
Eb Fb No
63%
C Fb No
63%
F Fb No
63%
D G# No
63%
Eb G Yes
63%
Eb G# No
63%
C G# No
63%
C G Yes
63%
Cb G No
63%
C# G No
63%
C# G# Yes
63%
Bb Gb No
63%
D Gb No
63%
Eb Gb No
63%
Cb Gb Yes
63%
F Gb No
63%
A A Yes
50%
A A# No
50%
Gb A No
50%
E A# No
50%
Bb A Yes
50%
C A Yes
50%
Db A No
50%
B A No
50%
C# A# Yes
50%
Eb Ab Yes
50%
Cb Ab Yes
50%
Db Ab Yes
50%
B Ab No
50%
G Ab No
50%
A B# No
50%
E B Yes
50%
E B# No
50%
D B Yes
50%
C B Yes
50%
Db B No
50%
B B Yes
50%
B B# No
50%
C# B# Yes
50%
G B Yes
50%
G B# No
50%
Gb Bb Yes
50%
Cb Bb Yes
50%
F Bb Yes
50%
G Bb No
50%
A C# Yes
50%
A C No
50%
Gb C No
50%
E C No
50%
Bb C Yes
50%
D C# Yes
50%
Eb C Yes
50%
Db C# No
50%
B C No
50%
A Cb No
50%
E Cb No
50%
Db Cb No
50%
A D# No
50%
Gb D No
50%
Eb D Yes
50%
C D Yes
50%
Db D No
50%
B D# Yes
50%
B D No
50%
F D Yes
50%
C# D# Yes
50%
Ab Db Yes
50%
Gb Db Yes
50%
E Db No
50%
Cb Db Yes
50%
Db Db Yes
50%
A E# No
50%
A E Yes
50%
Gb E No
50%
E E Yes
50%
E E# No
50%
D E Yes
50%
Db E No
50%
F E Yes
50%
C# E# Yes
50%
C# E No
50%
Bb Eb Yes
50%
B Eb No
50%
Ab F Yes
50%
A F No
50%
Gb F# No
50%
E F No
50%
Eb F Yes
50%
C F Yes
50%
Db F Yes
50%
Db F# No
50%
B F No
50%
B F# Yes
50%
C# F# Yes
50%
G F No
50%
A Fb No
50%
Cb Fb Yes
50%
Db Fb No
50%
Ab G Yes
50%
Gb G# No
50%
Gb G No
50%
Bb G Yes
50%
D G Yes
50%
Db G No
50%
B G No
50%
F G Yes
50%
G G Yes
50%
G G# No
50%
Gb Gb Yes
50%
E A Yes
38%
B A# Yes
38%
G A# No
38%
Gb Ab Yes
38%
F# Ab No
38%
A B Yes
38%
Gb B No
38%
F# B# No
38%
Db Bb Yes
38%
F# Bb No
38%
E C# Yes
38%
Db C Yes
38%
B C# Yes
38%
G C# No
38%
F# C No
38%
F# C# Yes
38%
A D Yes
38%
E D No
38%
E D# Yes
38%
G D# No
38%
G D Yes
38%
F# D No
38%
B E# No
38%
G E# No
38%
F# E No
38%
Gb Eb Yes
38%
Db Eb Yes
38%
A F# Yes
38%
E F# Yes
38%
G F# Yes
38%
F# F No
38%
Gb Fb No
38%
A G No
38%
E G No
38%
E G# Yes
38%
B G# Yes
38%
F# G No
38%
Db Gb Yes
38%
G A Yes
25%
F# A No
25%
F# B Yes
25%
G C Yes
25%
Gb Cb Yes
25%
B E Yes
25%
G E Yes
25%
Gb F Yes
25%
F# F# Yes
25%
A G# Yes
25%
F# A# Yes
13%
F# D# Yes
13%
F# G# Yes
13%
F# E# Yes
0%
No matching quizzes found
Score Distribution
Percent of People with Each Score
Percentile by Number Answered
Your Score History
You have not taken this quiz since the last reset